000 01052nam a22002297a 4500
999 _c3573
_d3573
003 AR-CdUCM
008 190306b ||||| |||| 00| 0 spa d
040 _aMUNICIPALIDAD PROVINCIAL DEL CUSCO
_cBIBLIOTECA MUNICIPAL DEL CUSCO
082 _a370 /
_bH79
100 _aHowitt, Lillian C
_911696
245 _aEnriquecimiento del currículum con acontecimientos de la actualidad /
260 _aMéxico :
_bUthehas,
_c1968.
300 _aViii, 106 paginas ;
_c18 cm.
440 _aEducación
_n17
_95220
505 _aContenido :Selección y uso de periódicos y publicaciones recientes -- Introducción de otros medios -- Utilización de los acontecimientos especiales -- Los sucesos de actualidad como material individual -- Como hacer el examen y la evaluación de lo aprendido en las clases de sucesos de actualidad ...
650 _aSucesos de actualidad
_911697
650 _aPeriodismo escolar
_911698
650 _aAcontecimientos actuales
_911699
700 _aPalencia, Ana María (traductora)
_911700
942 _2ddc
_cLIBROS
945 _arum